| 000 | 00849nac a22002411u 4500 | ||
|---|---|---|---|
| 020 | _a9780077107758 | ||
| 082 |
_a330 _bBEG |
||
| 090 |
_c8853 _d8853 |
||
| 100 | _aBegg, David K. | ||
| 245 |
_aEconomics/ _c David Begg, Stanley Fischer, Rudiger Dornbusch. |
||
| 246 | _a8th ed. | ||
| 260 |
_aMaidenhead : _b McGraw-Hill Education, 2005. _c2005 |
||
| 300 |
_axxix, 674 p. : _bcol. ill. ; _c27 cm. |
||
| 500 | _adisributer: Baccah | ||
| 504 | _aIncludes bibliographical references and index | ||
| 511 | _acatalogued by: wessam | ||
| 650 | _aEconomics. | ||
| 650 |
_aEconomics _v Problems, exercises, etc. |
||
| 700 | _aFischer, Stanley | ||
| 700 | _aDornbusch, Rudiger | ||
| 942 |
_cBB _k330BEG |
||
| 999 |
_c8853 _d8853 |
||